Statistics for Countries Most-Mentioned by the New York Times

Click here to take the quiz!

General Stats

  • This quiz has been taken 39,074 times
  • The average score is 14 of 19

Answer Stats

# MonthsCountry% Correct
304United Kingdom
98%
367Russia / Soviet Union
97%
114China
96%
123Germany
96%
82France
95%
19Mexico
93%
62Japan
92%
15Italy
87%
10Spain
87%
25Iran
84%
77Iraq
84%
8Egypt
68%
55Israel
65%
11Syria
64%
13Cuba
63%
10Poland
62%
69Vietnam
62%
7Cambodia
27%
14Lebanon
27%

Score Distribution

Percentile by Number Answered

Percent of People with Each Score

Your Score History

You have not taken this quiz